Sustainable development : (Record no. 5540)
[ view plain ]
| 000 -LEADER | |
|---|---|
| fixed length control field | 00868cam a22002412 4500 |
| 001 - CONTROL NUMBER | |
| control field | 0000001946 |
| 005 - DATE AND TIME OF LATEST TRANSACTION | |
| control field | 20151217151834.0 |
| 008 - FIXED-LENGTH DATA ELEMENTS--GENERAL INFORMATION | |
| fixed length control field | 070329s xx 000 0 eng d |
| 020 ## - INTERNATIONAL STANDARD BOOK NUMBER | |
| International Standard Book Number | 185278167x : |
| 040 ## - CATALOGING SOURCE | |
| Original cataloging agency | KABU |
| Transcribing agency | KABU |
| 050 #0 - LIBRARY OF CONGRESS CALL NUMBER | |
| Classification number | HD75.6 |
| Item number | .P43 |
| 100 1# - MAIN ENTRY--PERSONAL NAME | |
| Personal name | Pearce, David. |
| -- | 0000150136 |
| 245 10 - TITLE STATEMENT | |
| Title | Sustainable development : |
| Remainder of title | economic and environment in the Third World / |
| Statement of responsibility, etc. | David Pearce, Edward Barbier, Anil Markandya. |
| 260 ## - PUBLICATION, DISTRIBUTION, ETC. (IMPRINT) | |
| Place of publication, distribution, etc. | Aldershot, England : |
| Name of publisher, distributor, etc. | Edward Edgar, |
| Date of publication, distribution, etc. | 1990. |
| 300 ## - PHYSICAL DESCRIPTION | |
| Extent | xi, 217 p. |
| 650 #0 - SUBJECT ADDED ENTRY--TOPICAL TERM | |
| Topical term or geographic name as entry element | Economic development |
| General subdivision | Environmental aspects |
| Geographic subdivision | Developing countries. |
| -- | 0000151063 |
| 700 1# - ADDED ENTRY--PERSONAL NAME | |
| Personal name | Barbier, Edward. |
| -- | 0000151064 |
| 700 1# - ADDED ENTRY--PERSONAL NAME | |
| Personal name | Markandya, Anil. |
| -- | 0000150111 |
| 852 1# - LOCATION | |
| -- | p12699 KES |
| 908 ## - PUT COMMAND PARAMETER (RLIN) | |
| Put command parameter | 070329 |
| 950 ## - LOCAL HOLDINGS (RLIN) | |
| -- | 1 |
| Withdrawn status | Lost status | Source of classification or shelving scheme | Not for loan | Home library | Current library | Date acquired | Total Checkouts | Full call number | Barcode | Date last seen | Price effective from | Koha item type |
|---|---|---|---|---|---|---|---|---|---|---|---|---|
| Library of Congress Classification | Kabarak, Main Campus | Kabarak, Main Campus | 17/12/2015 | HD75.6 .P43 1990 c. 1 | 000980 | 02/08/2024 | 17/12/2015 | General Collection | ||||
| Library of Congress Classification | Kabarak, Main Campus | Kabarak, Main Campus | 17/12/2015 | HD75.6 .P43 1990 c. 2 | 015710 | 02/08/2024 | 17/12/2015 | General Collection |